[Event "Guillermo Garcia Memorial-A 08th"]
[Site "Santa Clara"]
[Date "2000.06.05"]
[Round "10"]
[White "De la Paz Perdomo, Frank"]
[Black "Bellon Lopez, Juan Manuel"]
[Result "1/2-1/2"]
[WhiteElo "2462"]
[BlackElo "2446"]
[Annotator "Lukacs,P"]
[PlyCount "50"]
[EventDate "2000.05.24"]
[EventType "tourn"]
[EventRounds "13"]
[EventCountry "CUB"]
[EventCategory "9"]
[SourceTitle "CBM 078"]
[Source "ChessBase"]
[SourceDate "2000.10.18"]
[SourceVersion "1"]
[SourceVersionDate "2000.10.18"]
[SourceQuality "1"]

1. e4 c6 2. d4 d5 3. Nd2 dxe4 4. Nxe4 Nf6 5. Nxf6+ exf6 {Now Black's P
structure is corrupted, White has a virtual P majority on the <<. On the other
hand Black can easily finish his development and can use fis doubled f pawns
for defence and attack as well.} 6. c3 {/\ Bd3 Qc2 Ne2 with a flexible setup
deciding later the question of castles.} Bd6 7. Bd3 O-O 8. Ne2 Re8 9. Qc2 (9.
O-O {- Khalifman-Seirawan, Hoogovens, Wijk aan Zee 1991 CBM 72}) 9... g6 {
Black has three possibilities to solve the problem of his h7 P. The game
continuation weakens the >> and White can quickly attack >< g6 by h4-h5
opening up the <-> h followed by 0-0-0 with good attacking chances.} (9... Kh8
$5 {leaves the >> intact for a while.} 10. O-O {Since Black hasn't weakened
his >> yet, castling >> is logical.} (10. h4 {Now this seems to be a blow into
the air.} Qa5 $1 (10... Bg4 11. Be3 Qa5 12. Kd2 {Suddenly the K is safe in the
[+].} Bxe2 13. Bxe2 c5 14. Qf5 Qd8 15. h5 Qd7 16. Bd3 Qxf5 17. Bxf5 {The _|_
is usualy favourable for White.} cxd4 {(Crawley-Hodgson, London Peace 1987)}
18. cxd4 $14 {^^, o^ d4}) 11. Be3 Be6 12. Kf1 Nd7 13. h5 Nf8 14. Nf4 Bxf4 15.
Bxf4 c5 16. dxc5 Qxc5 17. Be3 Qc6 18. h6 g6 19. c4 Nd7 20. b3 Rad8 $13 {
Rogers-Van der Werf, Lugano op 1989}) 10... Qc7 {avoiding the thematic Bf4
exchanging Black's active B.} 11. Ng3 g6 (11... Be6 12. Bd2 Nd7 13. c4 {
White has now a strong P [+].} Nf8 14. Rfe1 Rad8 15. Bc3 Ng6 16. Rad1 Bg4 17.
Be2 Bxe2 18. Rxe2 Nf4 19. Re4 Qd7 20. Rde1 $14 {Vogt-Bang, Copenhagen Obro op
1989}) 12. c4 f5 {White's N is out of play.} 13. Bg5 Be6 14. Qd2 Nd7 15. d5 $1
{White wants to open the d <-> against the black pieces.} cxd5 16. cxd5 Bxd5
17. Bxf5 Bc6 18. Rad1 $1 Bxg3 (18... gxf5 19. Qxd6 $16) 19. Bxd7 Bxh2+ 20. Kh1
Be5 21. Bxe8 Rxe8 22. Rfe1 $14 {and Black has no full compensation for the
exchange, Jo.Horvath-Hodgson, Soci 1987.}) (9... h6 {weakens the >> a bit, but
White cannot create an -> there.} 10. O-O Qc7 11. h3 {keeping the N in the [+].
} (11. Ng3 c5 $5 (11... Nd7 12. Bd2 Nf8 13. f4 (13. Rae1 Bg4 14. Bf5 Bxf5 15.
Qxf5 Ng6 16. Re4 Rxe4 17. Qxe4 $14 {and the exchanges help for White,
Renner-Roeder, Bayern ch 1991.}) 13... Ne6 14. Nh5 $1 Bd7 (14... Nf8 $2 {
is too passive.} 15. h3 {against Bg4} c5 16. Rf3 $1 {/\ Rg3} c4 17. Rg3 $1 {
White is not feeling himself disturbed!} cxd3 18. Rxg7+ Kh8 19. Nxf6 $1 Kxg7 (
19... dxc2 $4 20. Rg8#) 20. Nxe8+ Kg8 21. Nxc7 dxc2 22. Nxa8 $18 {
Conquest-Ristic, EUCup Sremic Krsko 1998}) 15. Rae1 Rad8) 12. dxc5 Bxc5 13. Ne4
Bb6 {and White has to solve the problem of his c1 B.}) 11... Nd7 $5 (11... c5
$6 12. dxc5 Qxc5 13. Be3 Rxe3 {The B was too strong to let him alive.} 14. fxe3
Qxe3+ 15. Kh1 Nd7 16. Rad1 Qe7 17. Nf4 Nb6 18. Rde1 Qd8 19. Qd2 $16 {
Timman-Chernin, Amsterdam 1987}) 12. Re1 Nb6 13. Bf4 $1 $14 {solving the
strategical problem by tactical means.}) 10. Be3 $6 {The B is not well-placed
here.} (10. h4 $142 $1 {grabbing the |^ on the >> was more to the point.} Nd7 (
10... f5 11. h5 Qf6 (11... Be6 {- 10...Be6}) 12. hxg6 fxg6 {Black has improved
his P structure, but now the weakness of the a2-g8 /^ will tell.} 13. Qb3+ Kh8
14. Bg5 Qg7 (14... Qxg5 $2 15. Qf7 $18) 15. O-O-O Be6 16. d5 $1 Bxd5 (16...
cxd5 17. Nd4 $16) 17. Bc4 $16 {Sznapik-Plachetka, Bratislava 1983}) (10... Be6
11. h5 (11. Bh6 f5 $1 12. O-O-O (12. h5 Nd7 13. hxg6 fxg6 {- 11.h5}) 12... Nd7
13. Kb1 Qa5 14. Nc1 Nf6 $11 {and Black has defended his >>, Chandler-Hodgson,
Great Britain ch 1988.}) 11... f5 12. hxg6 fxg6 13. Bh6 Nd7 (13... Qf6 $5 14.
O-O-O) 14. g4 $1 {White has to attack immediately.} Bd5 15. O-O-O $1 Bxh1 (
15... Bf8 16. Bxf8 Nxf8 (16... Bxh1 17. Rxh1 {- 15...Bxh1}) 17. gxf5 Bxh1 18.
Rxh1 Qd5 19. Ng3 $14) 16. Rxh1 Bf8 17. Bd2 $5 (17. Bxf8 Nxf8 (17... Rxf8 18.
gxf5 $16) 18. gxf5 Qd5 19. Ng3 $14) 17... Nb6 $1 (17... fxg4 $2 18. Qb3+ $1 Kg7
19. Rxh7+ $1 Kxh7 20. Qf7+ Kh8 21. Nf4 {1:0 Kudrin-King, Bayswater 1988}) 18.
Nf4 $1 (18. gxf5 Qd5 19. Ng3 Qxa2 20. fxg6 Qa1+ {Now Black can exchange queens,
after which White's -> goes astray.} 21. Qb1 Qxb1+ 22. Kxb1 hxg6 23. Bxg6 Re7
$15) 18... fxg4 (18... Nd5 19. gxf5 $40) 19. Bxg6 $1 {destroying Black's last
defensive walls.} hxg6 20. Qxg6+ Bg7 21. Nh5 Qc7 22. Bh6 $16) 11. h5 {This is
the consequent continuation.} (11. Bh6 Bf8 12. Bxf8 Nxf8 13. O-O-O $14 {
Vogt-Bobzin, Eger op 1987}) 11... Nf8 12. Bh6 (12. hxg6 fxg6 13. Bh6 {gives
Black more chances.}) 12... Qe7 $5 (12... Be6 13. O-O-O b5 (13... Qc7 {
defending the seventh rank.} 14. c4 {White can combine the -> on the >> with
play in the [+].} b6 {defending against c4-c5.} (14... Rad8 {allows} 15. hxg6
fxg6 16. c5 $1 {gaining space in the [+].} Be7 17. Nf4 Bf7 18. Bc4 $16 {
and the black pieces are very passive. Kavalek-Andersson, Washington 1978}) 15.
Qd2 $1 Rad8 16. Rh4 f5 17. Rdh1 {(Huergo-Gabrera, Cuba 1988)} Be7 18. Bg5 Bxg5
19. Qxg5 Qe7 20. Qg3 $16 {with nasty threats on the >>.}) (13... Qa5 14. a3 Qc7
{weakening a3 is not a big deal.} 15. hxg6 fxg6 16. Rh4 $1 {/\ Rdh1} Qf7 {
/\ Bb3} 17. Rdh1 f5 18. Nf4 Bb3 19. Qd2 Re7 20. g4 $1 {White has to open the
lines against the enemy K.} Bxf4 21. Bxf4 fxg4 22. Rxg4 Be6 23. Rgh4 Bf5 24.
Bd6 Rd7 25. Be5 $16 {and White comes first on the >>, De Firmain-Odendahl,
Philadelphia 1988.}) 14. Kb1 $5 {is a quiet prophylactic move.} (14. hxg6 {
is the beginnig of a series of forced attacking moves, but the result is not
so satisfactory for White.} fxg6 15. Bxf8 Bxf8 16. Bxg6 $5 {This is the main
idea.} hxg6 17. Qxg6+ Bg7 18. Nf4 Qd7 19. Rh7 Qf7 20. Qd3 (20. Rh8+ Kxh8 21.
Rh1+ Kg8 22. Qh7+ Kf8 23. Ng6+ Qxg6 {and Black has got too many pieces for the
Q.}) 20... Bc4 21. Qf5 Be6 22. Qd3 Bc4 {1/2:1/2 by repetition of moves, Van
der Wiel-Boersma, NLD-chT 1994.})) (12... f5 13. O-O-O Qf6 14. hxg6 hxg6 15.
Kb1 (15. Qd2 Be6 16. Bg5 Qg7 17. Kb1 $14 (17. Ng3 $6 {is strongly met by the
impertinent} Bxa2 $1 {Tisdall-Chandler, Brighton, 1981})) 15... Be6 16. Nf4 $14
) 13. O-O-O Bf5 {This is the point of 12...Qe7} 14. Bxf5 (14. Bxf8 Bxd3 15.
Rxd3 Kxf8 16. Re3 Qd7) 14... Qxe2 15. hxg6 hxg6 16. Bd3 Qxc2+ 17. Kxc2 Ne6 18.
Bc1 (18. g3 $14 {^^, and a virtual P majority on the << in the _|_.}) 18... Kg7
19. Bc4 Rad8 20. d5 cxd5 21. Bxd5 b6 22. Bc6 $14 {Tischbierek-Moehring,
BKL-Turnier Leipzig 1984}) 10... f5 $6 (10... Qc7 $6 11. O-O-O) (10... Be6 11.
O-O-O Bd5 (11... Bxa2 $2 {falls into the trap after} 12. b3 $1 Qa5 13. Kd2 $1
$16) (11... f5 {- 10...f5}) 12. Nf4 $1 (12. Kb1 Qa5) 12... Nd7 (12... Bxa2 $2 {
is again inferior because of} 13. b3 Qa5 14. Kd2 $1 Na6 15. Ra1 Nb4 16. cxb4
Qxb4+ 17. Qc3 $18) 13. h4 (13. Nxd5 cxd5 14. h4 $14) 13... f5 14. Nxd5 (14. h5
Bxf4 (14... Be4 $2 15. hxg6 fxg6 16. Qb3+ $1 {This kills Black immediately.} (
16. Nxg6 $2 {is premature due to} hxg6 17. Bxe4 Rxe4 18. Qb3+ Kg7 19. Bh6+ Kf6
{and the K escapes.} 20. f3 Re7 21. f4 Qg8 22. Bg5+ Kg7 23. Bh6+ Kf6 {1/2:1/2
by repetition of moves, L.Steiner-L.Szabo, Budapest ch 1936.}) 16... Kg7 17.
Rxh7+ $1 Kxh7 18. Qf7+ $18) 15. Bxf4 Qa5 16. hxg6 fxg6 $13) 14... cxd5 15. h5
$14) (10... Nd7 $142 {is the more flexible reply.} 11. O-O-O Nf8 {and the B
belongs to h6.}) 11. O-O-O Be6 12. Kb1 (12. Nf4 $5 Bxf4 (12... Bxa2 $2 {
is still out of question:} 13. b3 Qa5 (13... Qc7 14. g3 $18) 14. Kd2 c5 15.
dxc5 Bxf4 16. Bxf4 Nc6 17. Ra1 $18) 13. Bxf4 Qa5 (13... Bxa2 $2 14. b3 Qa5 15.
Kb2 $18) 14. a3 Nd7 15. h4 c5 (15... h5 16. Rhe1 $14) 16. Be3 $1 c4 (16... cxd4
$6 {helps only for White to ceate a phantastic B on the long /^.} 17. Bxd4 h5
18. g4 $1 fxg4 (18... hxg4 19. h5) 19. Bxg6 Nc5 20. Kb1 Nb3 21. Bf6 $16) 17.
Be2 $14 {and Black has at least the d5 square at his disposal.}) 12... Bd5 (
12... Qa5 13. a3 Qd5 14. c4 Qxg2 15. h4 $40 {with good attacking chances on
the >>.}) 13. Rdg1 (13. Nf4 {is met by} Be4) 13... b5 (13... Be4 14. Bxe4 fxe4
15. h4 $36) 14. h4 Nd7 {It's time to finish development.} (14... h5 15. Nf4 $14
) ({On} 14... Qa5 15. a3 h5 16. g4 $5 {is the brute force method.} Bxh1 17.
Rxh1 hxg4 (17... fxg4 18. Bxg6 $44) 18. h5 Qc7 $1 (18... Nd7 19. hxg6 fxg6 20.
Bxf5 $1 $18) 19. hxg6 fxg6 20. Rh6 $1 (20. Qb3+ Kg7 21. Bh6+ Kf6) 20... Qf7 (
20... Qg7 $2 21. Bxf5 $1 gxf5 22. Qxf5 $40) 21. Bxf5 gxf5 (21... Qxf5 $4 22.
Rxg6+) 22. Rxd6 $44) 15. h5 c5 16. hxg6 fxg6 17. c4 $1 ({Accepting the P
sacrifice is dangerous, because Black gets counterplay on the b <->.} 17. Bxb5
Rb8 $1 (17... a6 $2 {is met by the witty} 18. Bc6 $1 {opening the vital a2-g8 /
^.} Bxc6 19. Qb3+ Kf8 20. Rxh7 $18) (17... Qb6 $5 18. a4 (18. Bxd7 $4 Be4)
18... Be4 19. Bc4+ Kh8 20. Bd3) 18. Qa4 Qb6 19. c4 Bc6 20. d5 Bxb5 21. Qxb5 Be5
22. b3 Qxb5 23. cxb5 Rxb5 24. Kc2 Bd4 25. Nxd4 cxd4 26. Bxd4 Rxd5 $11) 17...
cxd4 {[#]} 18. Bxd4 $2 ({missing the devastating} 18. Nxd4 $1 bxc4 19. Bxc4 Nb6
(19... Re5 20. Nc6 $1 $18) 20. Bxd5+ Nxd5 21. Nxf5 $1 gxf5 22. Qxf5 Nf6 23. Bd4
$18) 18... Rc8 $1 19. Rxh7 $1 (19. Qd2 $2 {gives Black precious time to
organize his defence, for example:} bxc4 20. Bc2 $1 (20. Rxh7 $6 {is incorrect
because of} Kxh7 21. Rh1+ Kg8 22. Rh8+ (22. Qh6 Be5 23. Nf4 Nf8 24. Bxe5 Rxe5
25. Qh8+ Kf7 26. Qxe5 cxd3 $19) 22... Kf7 23. Rh7+ Ke6 $19 {and the K is safe
in the middle!} (23... Kg8 $2 24. Qh6 $18)) 20... Bc5 $1 {is the good
defensive move.} (20... Nc5 21. Rxh7 $1 Kxh7 22. Rh1+ Kg8 23. Qh6 Kf7 24. Qg7+
Ke6 25. Bxc5 Bxc5 26. Nf4+ Kd6 27. Rd1 Re5 28. Qxg6+ Kc7 (28... Ke7 29. Qg7+)
29. Qg7+ Kd6 30. Qf7 Bd4 $1 (30... Kc6 $2 31. Nxd5 Rxd5 32. Ba4+ Kb6 33. Rxd5)
31. Rxd4 Rc5 32. Bxf5 $14) 21. Rxh7 {Now this is not that dangerous as before.}
(21. Bc3 Ne5) (21. Nc3 Bb7) 21... Bxd4 22. Qxd4 Nf6 23. Rh6 Kg7 24. Nf4 Kxh6
25. Nxd5 Kg7 $17) 19... Kxh7 20. Rh1+ Kg8 21. Rh8+ Kf7 22. Rh7+ Kg8 23. Rh8+ ({
If White pushes too hard he can lose for example:} 23. Qc1 $2 Be5 $1 (23...
Kxh7 24. Qh1+ Kg8 25. Qh8+ Kf7 26. Qg7+ Ke6 27. Qxg6+ Ke7 28. Qg5+ $11) 24. Qh6
Qf6 25. Rxd7 Bf7 $19) 23... Kf7 24. Rh7+ Kg8 25. Rh8+ Kf7 1/2-1/2

[Event "GER-ch 72nd"]
[Site "Heringsdorf"]
[Date "2000.11.23"]
[Round "7"]
[White "Naiditsch, Arkadij"]
[Black "Prusikin, Michael"]
[Result "0-1"]
[WhiteElo "2449"]
[BlackElo "2460"]
[Annotator "Prusikin,M"]
[PlyCount "66"]
[EventDate "2000.11.17"]
[EventType "swiss"]
[EventRounds "9"]
[EventCountry "GER"]
[SourceTitle "CBM 080"]
[Source "ChessBase"]
[SourceDate "2001.01.25"]
[SourceVersion "1"]
[SourceVersionDate "2001.01.25"]
[SourceQuality "1"]

1. e4 c6 2. d4 d5 3. Nd2 dxe4 4. Nxe4 Nf6 {'?!' Kaum eine gute Idee.} 5. Nxf6+
exf6 6. c3 Bd6 7. Bd3 O-O 8. Ne2 Re8 9. Be3 {'?!'} (9. Qc2 $1 $14 {Erzwingt
einen Bauernzug am Königsflügel.}) 9... Nd7 10. Qd2 {'N'} (10. Qc2 Nf8) 10...
Qc7 11. O-O-O Nf8 12. Kb1 a5 13. Ng3 a4 14. Ne4 {'??' Diagramm [#]} Rxe4 {
'-+!' Ein billiger, aber doch ganz nett anzusehender Trick.} 15. Bxe4 f5 16.
Bc2 f4 17. g3 fxe3 18. fxe3 Be6 19. e4 f6 20. Rhf1 c5 21. Bd3 cxd4 22. cxd4 Qb6
23. Be2 Rd8 24. Qc2 a3 25. Bc4 Qxb2+ 26. Qxb2 axb2 27. Bxe6+ Nxe6 28. e5 Ba3
29. d5 Nc7 30. Kc2 (30. Rf3 Nb5 31. Rdd3 (31. Rb3 Rc8 $19) 31... Bc5 32. exf6 (
32. Kxb2 fxe5 $17) (32. e6 Kf8 $19) 32... Bd4 33. a4 Ra8 $1 $19) 30... fxe5 31.
Kb3 Bc5 32. d6 Ne6 33. Kxb2 Bd4+ 0-1

[Event "EU-ch 2nd"]
[Site "Ohrid"]
[Date "2001.06.09"]
[Round "8"]
[White "Volzhin, Alexander"]
[Black "Weiss, Christian"]
[Result "1-0"]
[WhiteElo "2528"]
[BlackElo "2368"]
[Annotator "Lukacs,P"]
[PlyCount "105"]
[EventDate "2001.06.01"]
[EventType "swiss"]
[EventRounds "13"]
[EventCountry "YUG"]
[SourceTitle "CBM 084"]
[Source "ChessBase"]
[SourceDate "2001.09.13"]
[SourceVersion "1"]
[SourceVersionDate "2001.09.13"]
[SourceQuality "1"]

1. e4 c6 2. d4 d5 3. Nc3 dxe4 4. Nxe4 Nf6 {This variation is out of fashion
these days.} 5. Nxf6+ exf6 (5... gxf6 {leads to more complicated positions.})
6. c3 Bd6 7. Bd3 O-O 8. Ne2 Qc7 (8... Re8 $142 {- De la Paz-Bellon Lopez,
Guillermo Garcia Premier I Santa Clara 2000 CBM 78}) 9. Qc2 g6 $6 {This
creates weakness on the >>, which can be heavily attacked by White.} (9... Kh8
$6 {may become a loss of a tempo.} 10. Be3 {Now White has again the plan 0-0-0
and attack on the >>.} (10. Bxh7 $6 {is not correct:} g6 11. Bxg6 fxg6 12. Qxg6
Qh7) 10... Re8 (10... Nd7 11. h4 h5 12. g3 c5 13. O-O-O c4 14. Be4 Rb8 {
(Bjerring-Hartvig, Copenhagen 1996)} 15. Nf4 $16) (10... Be6 11. c4 c5 12. d5
Bc8 13. Nc3 a6 14. Ne4 Be7 15. O-O-O $16 {Karpatchev-Markosian, Moscow 1995})
11. O-O-O Be6 12. Kb1 Nd7 13. h4 c5 14. h5 {Now Black has to defend against
Bxh7.} Nf8 15. Bf5 c4 16. d5 Bd7 17. g4 b5 18. Nd4 $16 {L.Hansen-Hartvig,
DEN-ch 1996}) (9... h6 $142 {after which White has to change plans and castle
>> with a positional play.} 10. h3 (10. Be3 Re8 11. O-O-O Nd7 $13 {and the
black K is safer than in the game.}) 10... Nd7 (10... Re8 {- 8....Re8}) 11. O-O
Re8 12. Be3 Nf8 13. c4 $5 Ne6 {(A.Ivanov-Rohde, Washington D.C. 1991)} 14. Rae1
$5 $14 {/\ f4 A.Ivanov}) 10. h4 $1 {[%mdl 128]} Bg4 (10... Re8 11. h5 f5 12. g4
{White has to play very energetically.} f4 13. hxg6 hxg6 {(Augustin-Schubert,
Leipzig 1979)} 14. Bxg6 $1 {This is the decisive blow!} f3 (14... Bxg4 15. Bd3
f3 (15... Bxe2 16. Bxe2) 16. Bc4 $1 $18) 15. Bh7+ Kg7 16. Bh6+ Kh8 17. Bg5 Kg7
18. Be4 $18) (10... Be6 11. h5 f5 12. Bh6 (12. Qd2 $5 Re8) 12... Re8 13. O-O-O
Nd7 (13... Bxa2 {is too greedy:} 14. b3 {and the B is in serious trouble.} Qa5
15. Kd2 Na6 16. hxg6 hxg6 17. Nc1 Nb4 18. Qb2 Nxd3 19. Kxd3 $18) 14. hxg6 fxg6
(14... hxg6 {is again met by} 15. g4 $1 fxg4 16. Bxg6 $1 $16) 15. g4 $1 Nf8 16.
gxf5 Bxf5 17. Bxf5 gxf5 18. Qxf5 Ng6 19. Rdg1 $18 {Suetin-Andersson, Sochi 1973
}) 11. f3 Be6 12. h5 f5 13. Bh6 Re8 14. O-O-O $1 Na6 (14... Bxa2 {is again bad,
but for other reasons.} 15. g4 $1 Bd5 (15... fxg4 16. hxg6 fxg6 17. Bxg6 Re6
18. Bd3 Bd5 19. Rdg1 Bxf3 20. Bc4 Qf7 21. Rf1 $1 $16) 16. hxg6 hxg6 17. gxf5
Bxf3 18. Rhf1 $16) 15. g4 $1 fxg4 16. hxg6 fxg6 (16... hxg6 17. Bxg6 $18) 17.
Bxg6 Bc4 18. Bxe8 Rxe8 19. Rdg1 $1 $18 {The continuation of the -> is more
important than the material gains!} Rxe2 20. Rxg4+ Kf7 21. Rg7+ Kf6 22. Qxh7 ({
missing the quicker win} 22. Bg5+ $1 Ke6 (22... Kxg7 23. Rxh7+ Kf8 24. Qf5+ $18
) 23. d5+ $1 Kxd5 (23... Ke5 24. f4+ Kxd5 25. Qd1+ $18) 24. Qd1+ Kc5 25. Qd4+
Kb5 26. Rxc7 Bxc7 27. a4+ $18) 22... Bf4+ $8 23. Kb1 Bxa2+ $1 24. Ka1 $1 {
White has to play carefully!} (24. Kxa2 $4 Qa5+ 25. Kb1 Rxb2+ 26. Kxb2 Qb5+ $11
) 24... Bf7 25. Rxf7+ $1 Qxf7 26. Qxf7+ Kxf7 27. Bxf4 $18 {and the _|_ is won,
although White could have finished the game quicker.} Kg6 28. Rh6+ Kg7 29. Rd6
Re7 30. Be5+ Kf7 31. Rh6 c5 32. Rh7+ Ke8 33. Rh8+ Kf7 34. f4 cxd4 35. Bxd4 b6
36. f5 Nc7 37. Ka2 Nb5 38. Rh7+ Ke8 39. Rxe7+ Kxe7 40. Be5 a6 41. Kb3 Na7 42.
Kc4 Kd7 43. Kd5 Nc6 44. f6 Nd8 45. Bf4 a5 46. c4 a4 47. Bd2 Ne6 48. Be3 Nc7+
49. Ke5 b5 50. Bc5 Ne6 51. f7 bxc4 52. f8=Q Nxf8 53. Bxf8 1-0

[Event "FIDE-Wch k.o."]
[Site "Tripoli"]
[Date "2004.06.22"]
[Round "2.4"]
[White "Neelotpal, Das"]
[Black "Anastasian, Ashot"]
[Result "1/2-1/2"]
[WhiteElo "2457"]
[BlackElo "2587"]
[Annotator "CB"]
[PlyCount "137"]
[EventDate "2004.06.19"]
[EventType "k.o."]
[EventRounds "7"]
[EventCountry "LBY"]
[SourceTitle "CBM 102"]
[Source "ChessBase"]
[SourceDate "2004.09.23"]
[SourceVersion "1"]
[SourceVersionDate "2004.09.23"]
[SourceQuality "1"]

1. e4 c6 2. d4 d5 3. Nd2 dxe4 4. Nxe4 Nf6 5. Nxf6+ exf6 6. c3 Bd6 7. Bd3 O-O 8.
Qc2 Kh8 9. Ne2 Nd7 10. Be3 Re8 11. O-O-O Nf8 12. Kb1 a5 13. Ng3 Qc7 14. Qd2 Be6
15. Ne4 a4 16. h4 Rad8 17. h5 Be7 18. f3 b5 19. g4 Qd7 20. Ka1 Qd5 21. Bb1 Qc4
22. g5 fxg5 23. Bxg5 Bxg5 24. Qxg5 Qd5 25. Qg3 Nd7 26. Rdg1 Rg8 27. Qh4 h6 28.
Qf4 b4 29. Rg6 $1 {Erstes Turmopfer.} Qf5 (29... fxg6 30. hxg6 Rge8 $8 31.
Rxh6+ Kg8 (31... gxh6 $2 32. Qxh6+ Kg8 33. Qh7+ Kf8 34. g7+ Ke7 35. g8=Q+ Bf7
36. Qh4+ Ke6 37. Qgg4+ Qf5 38. Nc5+ $18) 32. Rh7 a3 (32... bxc3 33. Nxc3 Qc4
34. Qh4 Kf8 $8 35. Rxg7 $18) 33. Qh4 axb2+ 34. Kxb2 bxc3+ 35. Kc1 Kf8 $8 36.
Rxg7 $1 $18 {Zweites Turmopfer. Der Angriff schlagt durch.} Kxg7 $2 37. Qh7+
Kf8 38. g7+ Ke7 39. g8=Q+ Bf7 40. Qh4+ $18 {Zwei weise Damen im Angriff
vereint, das ist unwiderstehlich.}) 30. Qxf5 Bxf5 31. Rxc6 bxc3 32. bxc3 Be6
33. c4 $2 $14 Nb8 34. Rd6 Bxc4 35. Rc1 Be6 36. Rc7 a3 37. f4 Rgf8 38. Ra7 $6
Rxd6 39. Nxd6 Nc6 40. Ra4 Rd8 41. Nb7 Rb8 42. Nc5 Kg8 $2 $16 43. Be4 Nb4 44.
Nxe6 fxe6 45. Rxa3 Nd5 46. Bxd5 exd5 47. Ra5 Rd8 48. Ra7 Rf8 49. Rd7 Rxf4 50.
Rxd5 g6 51. hxg6 Kg7 52. a4 Kxg6 53. a5 h5 54. a6 h4 55. Ra5 Rf8 56. a7 Ra8 57.
Kb2 h3 58. Ra3 h2 59. Rh3 Rxa7 60. Rxh2 Kf5 61. Re2 Rc7 62. Kb3 Rc8 63. Kb4 Ra8
64. Kc5 Rc8+ 65. Kb5 Rd8 66. Kc4 Rc8+ 67. Kd3 Rd8 68. Re1 Kf6 69. Ke4 1/2-1/2